Presidential Losers Quiz Stats

Quiz Updated Dec 15, 2016

Challenge
Share
Tweet
Score 0/37 Timer 07:00
1 Play Today
Candidate % Correct
Al Gore
95.4%
Hillary Clinton
94.5%
John McCain
94.3%
John Kerry
92.3%
Mitt Romney
81.3%
Bob Dole
80%
Michael Dukakis
70.1%
Walter Mondale
63.3%
Thomas E. Dewey
56.5%
Barry Goldwater
55.4%
George McGovern
54.5%
Hubert Humphrey
53.1%
Adlai Stevenson
51.9%
George Wallace
47.4%
Al Smith
36.9%
William Jennings Bryan
35.8%
Henry Clay
32.9%
DeWitt Clinton
29.6%
George B. McClellan
26%
Candidate % Correct
Alf Landon
22.2%
Samuel J. Tilden
22.1%
Wendell Willkie
20.8%
Strom Thurmond
18.6%
Winfield Scott
18.3%
John W. Davis
17.2%
John C. Breckinridge
16.2%
John C. Fremont
15.8%
Horace Greeley
15.7%
James M. Cox
14.6%
Charles Evans Hughes
14.2%
James G. Blaine
14%
Winfield Scott Hancock
13.6%
Charles Cotesworth Pinckney
12.2%
Rufus King
11.1%
Alton B. Parker
10%
Lewis Cass
9.8%
Horatio Seymour
9.5%

You're not logged in!

Compare scores with friends on all Sporcle quizzes.
Join for Free
OR
Log In

You Might Also Like...

Show Comments

Extras

Top Quizzes Today


Score Distribution

Your Account Isn't Verified!

In order to create a playlist on Sporcle, you need to verify the email address you used during registration. Go to your Sporcle Settings to finish the process.

Report this User

Report this user for behavior that violates our Community Guidelines.

Details: